000 01709nam a2200505 i 4500
001 53361
003 KOSZ 005
005 20221116130455.0
008 990115s1999 pl a |000 0 pol
015 _aUWD 1999/1762
020 _a8301127414
035 _a991008862349705066
035 _a(PL-WaBN)b12288068-48omnis_nlop
035 _ab12288068
035 _a(OCoLC)749612556
035 _azz2003860901
035 _a(PL)b0000001228806
035 _a(EXLNZ-48OMNIS_NETWORK)9910254199205606
040 _aWA N
_cWA N
_dKOSZ 005/HR
041 0 _apol
046 _k1999
080 _a005
080 _a(075.8)
100 1 _aKrzyżanowski, Leszek Jerzy
_d(1926-2005)
_eAutor
245 1 0 _aO podstawach kierowania organizacjami inaczej :
_bparadygmaty, metafory, modele, filozofia, metodologia, dylematy, trendy /
_cLeszek J. Krzyżanowski.
250 _aWyd. 3.
260 _aWarszawa :
_bWydawnictwo Naukowe PWN,
_c1999.
300 _a339, [1] s. :
_brys. ;
_c24 cm.
336 _aTekst
_btxt
_2rdacontent
337 _aBez urządzenia pośredniczącego
_bn
_2rdamedia
338 _aWolumin
_bnc
_2rdacarrier
380 _aKsiążki
388 _a1901-2000
388 _a1989-2000
500 _aPoprz. wyd. pt.: Podstawy nauk o organizacji i zarządzaniu.
504 _aBibliogr. s. 317-325.
650 7 _aOrganizacja
_2DBN
650 7 _aZarządzanie
_2DBN
655 7 _aPodręczniki akademickie
_2DBN
658 _aZarządzanie i marketing
710 2 _aWydawnictwo Naukowe PWN
_4pbl
856 _uhttp://koha.tu.koszalin.pl/cgi-bin/koha/opac-detail.pl?biblionumber=53631
_yKatalog online BPK
942 _2UKD
_cKS
999 _c53631
_d53631